Исследование причинно-следственных связей мировых аварий радиационного характера невоенного происхождения, согласно классификации INES; Инновационные технологии и экономика в машиностроении; Т. 2

Détails bibliographiques
Parent link:Инновационные технологии и экономика в машиностроении: сборник трудов V Международной научно-практической конференции, г. Юрга, 22-23 мая 2014 г./ Национальный исследовательский Томский политехнический университет (ТПУ), Юргинский технологический институт (ЮТИ) ; под ред. Д. А. Чинахова.— , 2014
Т. 2.— 2014.— [С. 193-198]
Auteur principal: Абраменко Н. С.
Collectivité auteur: Национальный исследовательский Томский политехнический университет (ТПУ) Юргинский технологический институт (филиал) (ЮТИ) Кафедра естественного научного образования (ЕНО)
Autres auteurs: Орлова К. Н. Ксения Николаевна
Résumé:Заглавие с титульного листа.
Langue:russe
Publié: 2014
Collection:Защита окружающей среды, безопасность и охрана труда на предприятиях
Sujets:
Accès en ligne:http://www.lib.tpu.ru/fulltext/c/2014/C30/V2/048.pdf
Format: Électronique Chapitre de livre
KOHA link:https://koha.lib.tpu.ru/cgi-bin/koha/opac-detail.pl?biblionumber=607722

MARC

LEADER 00000naa2a2200000 4500
001 607722
005 20260312135114.0
035 |a (RuTPU)RU\TPU\conf\5128 
035 |a RU\TPU\conf\5127 
090 |a 607722 
100 |a 20140828d2014 k y0rusy50 ca 
101 0 |a rus 
102 |a RU 
135 |a drcn ---uucaa 
181 0 |a i  
182 0 |a b 
200 1 |a Исследование причинно-следственных связей мировых аварий радиационного характера невоенного происхождения, согласно классификации INES  |f Н. С. Абраменко, К. Н. Орлова 
203 |a Текст  |c электронный 
215 |a 1 файл (420 Кб) 
225 1 |a Защита окружающей среды, безопасность и охрана труда на предприятиях 
300 |a Заглавие с титульного листа. 
320 |a [Библиогр.: с. 197-198 (19 назв.)] 
337 |a Adobe Reader 
461 1 |0 (RuTPU)RU\TPU\conf\4003  |t Инновационные технологии и экономика в машиностроении  |o сборник трудов V Международной научно-практической конференции, г. Юрга, 22-23 мая 2014 г.  |o в 2 т.  |f Национальный исследовательский Томский политехнический университет (ТПУ), Юргинский технологический институт (ЮТИ) ; под ред. Д. А. Чинахова  |d 2014 
463 1 |0 (RuTPU)RU\TPU\conf\4014  |t Т. 2  |v [С. 193-198]  |d 2014 
610 1 |a труды учёных ТПУ 
610 1 |a электронный ресурс 
610 1 |a причинно-следственные связи 
610 1 |a радиационные аварии 
610 1 |a ядерное оружие 
610 1 |a радиологические последствия 
610 1 |a радиационные воздействия 
610 1 |a ядерные катастрофы 
700 1 |a Абраменко  |b Н. С. 
701 1 |a Орлова  |b К. Н.  |c физик  |c аспирант, ассистент Юргинского технологического института (филиала) Томского политехнического университета  |f 1985-  |g Ксения Николаевна  |3 (RuTPU)RU\TPU\pers\28212 
712 0 2 |a Национальный исследовательский Томский политехнический университет (ТПУ)  |b Юргинский технологический институт (филиал) (ЮТИ)  |b Кафедра естественного научного образования (ЕНО)  |3 (RuTPU)RU\TPU\col\18894 
801 2 |a RU  |b 63413507  |c 20140828  |g RCR 
856 4 |u http://www.lib.tpu.ru/fulltext/c/2014/C30/V2/048.pdf 
942 |c BK